Curso propedéutico de ortografía y redacción / (Registro nro. 7159)

Detalles MARC
000 -LIDER
fixed length control field 01047nam a2200325 a 4500
001 - NÚMERO DE CONTROL
Identificador de número de control 000002500
003 - IDENTIFICACDOR DE NÚMERO DE CONTROL
control field DO-SdBNP
005 - DATE AND TIME OF LATEST TRANSACTION
control field 20180215090243.0
007 - CAMPOS FIJOS DE DESCRIPCIÓN FÍSICA
fixed length control field 000002500
008 - ELEMENTOS DE LONGITUD FIJA
fixed length control field 090702s2005 dr 000 0 spa d
020 ## - ISBN
International Standard Book Number 849519323X
040 ## - FUENTE DE CATALOGACIÓN
Agencia que crea de manera original el registro BPMSU
Idioma de catalogación spa
Agencia que realiza la transcripción BPMSU
049 ## - LOCAL HOLDINGS (OCLC)
Holding library BNPD
092 ## - LOCALLY ASSIGNED DEWEY DECIMAL CALL NUMBER
Número de clasificación 461
Número de ítem (Cutter) C352c
100 1# - ASIENTO PRINCIPAL -- NOMBRE PERSONAL
Nombre personal Castillo, Maira
245 10 - MENCIÓN DE TITULO
Título Curso propedéutico de ortografía y redacción /
Mención de responsabilidad Maira Castillo.
260 ## - PUBLICACIÓN, DISTRIBUCIÓN, ETC. (PIE DE IMPRENTA)
Lugar de publicación, distribución, etc Santo Domingo :
Nombre del editor, distribuidor, etc. Universidad Abierta para Adultos,
Fecha de publicación, distribución, etc 2005.
300 ## - DESCRIPCIÓN FÍSICA
Extensión 69 p.:
Otros detalles físicos il.
Dimensiones 29 cm.
490 1# - MENCIÓN DE SERIES
Mención de serie Autoaprendizaje
500 ## - NOTA GENERAL
Nota general Incluye índice
504 ## - NOTA DE BIBLIOGRAFÍA, ETC.
Bibliography, etc Incluye referencias bibliográficas (p. 69)
650 #4 - ENCABEZAMIENTO DE MATERIA--TEMÁTICO
Término temático o nombre geográfico como elemento de entrada ESPAÑOL
Subdivisión temática general ORTOGRAFÍA
-- ENSEÑANZA
650 #4 - ENCABEZAMIENTO DE MATERIA--TEMÁTICO
Término temático o nombre geográfico como elemento de entrada ESPAÑOL
Subdivisión temática general REDACCIÓN
-- ENSEÑANZA
710 2# - ASIENTO SECUNDARIO -- NOMBRE CORPORATIVO
Nombre corporativo o de jurisdicción Universidad Abierta para Adultos (Santiago de los Caballeros, República Dominicana)
830 #0 - ASIENTO SECUNDARIO DE SERIE--TÍTULO UNIFORME
Título uniforme Autoaprendizaje
910 ## - VALIDACIÓN
Validación Jornada de catalogación
942 ## - ADDED ENTRY ELEMENTS (KOHA)
Source of classification or shelving scheme Dewey Decimal Classification
Koha item type Libros
945 ## - INFORMACIÓN DE PROCESAMIENTO LOCAL
Información de procesamiento local inventariado, 2018 / dg
956 ## - LOCAL ELECTRONIC LOCATION AND ACCESS (OCLC)
Nombre de host VMATEO
Número de acceso 10
Información de compresión 20150923
Inicio de sesión BPMSU
Procesador de solicitud 0069
Existencias
Withdrawn status Lost status Source of classification or shelving scheme Damaged status Not for loan Home library Current library Date acquired Total Checkouts Barcode Date last seen Copy number Price effective from Koha item type
    Dewey Decimal Classification     Biblioteca Pública Metropolitana Salomé Ureña Biblioteca Pública Metropolitana Salomé Ureña 07/15/2014   BPMSU15040580 07/15/2014 1 07/15/2014 Libros
    Dewey Decimal Classification     Biblioteca Pública Metropolitana Salomé Ureña Biblioteca Pública Metropolitana Salomé Ureña 07/15/2014   BPMSU15040581 07/15/2014 2 07/15/2014 Libros